| 000 | 00769nam a2200205 a 4500 | ||
|---|---|---|---|
| 001 | 000035821 | ||
| 005 | 20200930074635.0 | ||
| 008 | 111115s1978 sp a 001 0 spa d | ||
| 040 |
_aDO-SdBNP _bspa _cBNPHU |
||
| 082 |
_axxxx _bA441p |
||
| 100 | 1 |
_aAllport, Gordon W. _961784 |
|
| 245 | 1 | 3 |
_aLa personalidad : _bsu configuración y desarrollo / _cGordon W. Allport ; prólogo Joaquín M. Aragó Mitjans. |
| 260 |
_aBarcelona : _bHerder, _c1978. |
||
| 300 |
_a691 p. : _bil. ; _c24 cm. |
||
| 500 | _aIncluye índice de nombres | ||
| 504 | _aIncluye referencias bibliográficas y notas al pie de las páginas. | ||
| 590 | _aPerteneció a la biblioteca personal de Juan Isidro Jimenes Grullón | ||
| 700 | 1 | 2 |
_aAragó Mitjans, Joaquín M., _epról. _961785 |
| 049 | _aBNGR | ||
| 999 |
_c35312 _d35312 |
||